00356nam a2200133Ia 4500001000400000008004100004020002200045082002300067100002700090245003600117260002500153901002900178999001500207671241024s9999 xx 000 0 und d a978-9945-11-165-1 aRD/972.93053/B174t aJuan Daniel Balcácer 0aTrujillo el Tiranicidio de 1961 bQurbecor worldc2008 a26/11/2010 12:16:45 p.m. c7564d7564